[Event "P-4756"]
[Site "IECC email"]
[Date "2012.04.30"]
[Round "?"]
[White "Hassell, Graham S"]
[Black "Maggiora, Aldo"]
[Result "1-0"]
[WhiteElo "1629"]
[BlackElo "1606"]
[PlyCount "135"]
[EventDate "2012.??.??"]
[EventType "tourn (corr)"]
[SourceTitle "Telechess CBM 165"]
[Source "ChessBase"]
[SourceDate "2015.03.11"]
[SourceVersion "1"]
[SourceVersionDate "2015.03.11"]
[SourceQuality "1"]
[WhiteTeam "England"]
[BlackTeam "Italy"]
[WhiteTeamCountry "ENG"]
[BlackTeamCountry "ITA"]

1. e4 e6 2. d4 d5 3. Nc3 Bb4 4. e5 Ne7 5. a3 Bxc3+ 6. bxc3 0-0 7. Bd3 c5 8. Qg4 c4 9. Bh6 Ng6 10. Bxg6 fxg6 11. Be3 Qb6 12. Kd2 Nc6 13. Ne2 Ne7 14. h4 Rf5 15. h5 gxh5 16. Rxh5 Rxh5 17. Qxh5 Ng6 18. Nf4 Nf8 19. Rh1 Qc7 20. Qh4 Qf7 21. Qg5 Bd7 22. Qg4 Ba4 23. Nh5 Ng6 24. Kc1 Rc8 25. Bg5 Re8 26. Bf6 gxf6 27. Nxf6+ Kh8 28. Qg5 Nf8 29. Nxe8 Bxe8 30. Rh3 Qg7 31. Qd8 Bg6 32. Rf3 Kg8 33. Rf6 Bf5 34. g3 h6 35. Qe8 b6 36. f3 h5 37. Qxh5 Bg6 38. Qh4 Qe7 39. Qh6 Qg7 40. Qg5 Bf7 41. Qh4 Ng6 42. Qh2 Kf8 43. Kb2 Ne7 44. Rh6 Qg5 45. f4 Qg4 46. Rh8+ Bg8 47. Rh5 Qg6 48. g4 Qf7 49. f5 exf5 50. Rh6 Ng6 51. Qh5 Nf4 52. Qg5 Ne6 53. Qh4 Ke8 54. Rf6 Qg7 55. gxf5 Nf8 56. Rd6 Qe7 57. f6 Qc7 58. Qh5+ Bf7 59. Qg4 Ng6 60. Qg5 a6 61. Qh6 Nf8 62. Qg7 Qc8 63. Rxd5 Ne6 64. Qh8+ Nf8 65. e6 Bxe6 66. Qg7 Bf7 67. Re5+ Qe6 68. Rxe6+ 1-0

[Event "IECC CL5-2009.06 email"]
[Site "IECC email"]
[Date "2009.03.27"]
[Round "?"]
[White "Hassell, Graham S"]
[Black "Vann, Robin"]
[Result "0-1"]
[WhiteElo "1590"]
[BlackElo "1574"]
[PlyCount "64"]
[EventDate "2009.??.??"]
[EventType "tourn (corr)"]
[EventRounds "4"]
[SourceTitle "Corr 2011"]
[Source "ChessBase"]
[SourceDate "2010.08.31"]
[SourceVersion "1"]
[SourceVersionDate "2010.08.31"]
[SourceQuality "1"]
[WhiteTeam "England"]
[BlackTeam "England"]
[WhiteTeamCountry "ENG"]
[BlackTeamCountry "ENG"]

1. e4 c5 2. Nf3 d6 3. d4 cxd4 4. Nxd4 Nf6 5. Nc3 a6 6. Bg5 e6 7. f4 Qb6 8. Qd2 Qxb2 9. Rb1 Qa3 10. e5 dxe5 11. fxe5 Nfd7 12. Bc4 Qa5 13. 0-0 Nxe5 14. Rbe1 Nxc4 15. Qf4 Nd6 16. Ne4 Qc7 17. c4 Nb5 18. cxb5 Qxf4 19. Bxf4 f6 20. Bd6 e5 21. b6 Bd7 22. Rf2 Nc6 23. Nb3 Bxd6 24. Nxd6+ Ke7 25. Rd2 Bc8 26. h3 Rd8 27. Red1 Rb8 28. Kf2 Be6 29. Nc5 Nd4 30. Ndxb7 Rdc8 31. Rxd4 exd4 32. Rxd4 Rc6 0-1